Economics / (Record no. 12362)
[ view plain ]
| 000 -LEADER | |
|---|---|
| fixed length control field | 00415nam a2200169 a 4500 |
| 020 ## - INTERNATIONAL STANDARD BOOK NUMBER | |
| ISBN | 0618056238 |
| 020 ## - INTERNATIONAL STANDARD BOOK NUMBER | |
| ISBN | 0618056254 |
| 040 ## - CATALOGING SOURCE | |
| Transcribing agency | DLC |
| 082 ## - DEWEY DECIMAL CLASSIFICATION NUMBER | |
| Classification number | 330 HOU 2001 A018 Or. |
| 100 1# - MAIN ENTRY--AUTHOR NAME | |
| Personal name | Taylor, John B |
| 245 10 - TITLE STATEMENT | |
| Title | Economics / |
| 250 ## - EDITION STATEMENT | |
| Edition statement | 3rd ed |
| 260 ## - PUBLICATION, DISTRIBUTION, ETC. (IMPRINT) | |
| Place of publication | Boston : |
| Name of publisher | Houghton Mifflin, |
| Year of publication | c2001 |
| 300 ## - PHYSICAL DESCRIPTION | |
| Number of Pages | xxxix, 772 p. : |
| Other physical details | ill. (some col.), col. maps ; |
| Dimensions | 26 cm |
| 650 #0 - SUBJECT ADDED ENTRY--TOPICAL TERM | |
| Topical Term | Economics |
| 942 ## - ADDED ENTRY ELEMENTS (KOHA) | |
| Koha item type | សៀវភៅភាសាអង់គ្លេស |
| 952 ## - LOCATION AND ITEM INFORMATION (KOHA) | |
| Withdrawn status [LOCAL, KOHA] | 0 |
| Permanent Location | Date acquired | Koha item type | Lost status | Shelving location | Barcode | Current Location | Full call number |
|---|---|---|---|---|---|---|---|
| Library Block A | 2017-08-12 | សៀវភៅភាសាអង់គ្លេស | A018 | A15841 | Library Block A | 330 HOU 2001 A018 Or. |